Statistics for 50 Biggest Cities in Zimbabwe

Click here to take the quiz!

General Stats

  • This quiz has been taken 58 times
  • The average score is 8 of 50

Answer Stats

RankPopulationAnswer% Correct
11,542,813Harare
100%
2699,385Bulawayo
83%
4184,205Mutare
58%
5146,073Gweru
54%
976,290Masvingo
46%
1635,761Victoria Falls
38%
1061,739Chinhoyi
33%
3340,360Chitungwiza
33%
1733,210Hwange
33%
879,174Kadoma
29%
2325,531Kariba
29%
799,149Kwekwe
29%
1347,294Chegutu
25%
1252,054Norton
21%
1437,423Bindura
17%
2814,450Gwanda
17%
1930,000Ruwa
17%
2226,459Beitbridge
13%
464,327Binga
13%
2128,205Chiredzi
13%
6123,250Epworth
13%
1157,082Marondera
13%
1535,896Zvishavane
13%
349,641Banket
8%
2518,942Gokwe
8%
2425,030Karoi
8%
2029,292Rusape
8%
2717,075Shurugwi
8%
2618,860Chipinge
4%
502,993Dete
4%
339,768Glendale
4%
2912,994Mashava
4%
329,966Mazowe
4%
426,349Mount Darwin
4%
454,331Mvuma
4%
387,970Mvurwi
4%
444,852Nyanga
4%
493,388Centenary
0%
416,472Chakari
0%
3010,369Chivhu
0%
434,983Concession
0%
378,402Inyati
0%
473,642Macheke
0%
406,503Mhangura
0%
368,559Murehwa
0%
359,532Mutoko
0%
483,438Odzi
0%
397,681Penhalonga
0%
1833,197Redcliff
0%
3110,317Shamva
0%

Score Distribution

Percentile by Number Answered

Percent of People with Each Score

Your Score History

You have not taken this quiz